Homicide in the Indian hills / Erica Ruth ... Read More
Available copies
- 2 of 2 copies available at LARL/NWRL Consortium.
- 2 of 2 copies available at Lake Agassiz Regional Library. (Show preferred library)
Current holds
0 current holds with 2 total copies.
Show Only Available Copies
| Location | Call Number / Copy Notes | Barcode | Shelving Location | Status | Due Date |
|---|---|---|---|---|---|
| Barnesville Public Library | M NEU (Text) | 33500014174189 | Main | Available | - |
| Moorhead Public Library | M NEU (Text) | 33500014174197 | Main | Available | - |
Record details
- ISBN: 9781496741219
- ISBN: 1496741218
- Physical Description: 424 pages ; 22 cm.
- Edition: First Kensington hardcover edition.
- Publisher: New York : Kensington Publishing Corporation 2025.
Content descriptions
| General Note: | Includes bonus novella! |
| Formatted Contents Note: | Homicide in the Indian Hills -- Murder under the ... Read More |
| Summary, etc.: | "Ooty, 1927: Accompanying Mr. Redvers on an ... Read More |
Search for related items by subject
| Genre: | Cozy mysteries. Detective and mystery fiction. Historical fiction. |
Search for related items by series
| LDR | 03398cam a2200541 i 4500 | ||
|---|---|---|---|
| 001 | 451227 | ||
| 003 | LARL_NWRL_CONSORTIUM | ||
| 005 | 20250325145240.0 | ||
| 008 | 250122s2025 nyu 000 1 eng d | ||
| 040 | . | ‡aTOH ‡beng ‡cTOH ‡dYDX ‡dBDX ‡dIG# ‡erda ‡dHBP ‡dHSA ‡dOCO ‡dOCLCO ‡dOJ4 ‡dKI2 | |
| 019 | . | ‡a1443719124 | |
| 020 | . | ‡a9781496741219 ‡q(hardcover) | |
| 020 | . | ‡a1496741218 ‡q(hardcover) | |
| 035 | . | ‡a(OCoLC)1493067568 ‡z(OCoLC)1443719124 | |
| 082 | 0 | 4. | ‡a813.54 ‡223 |
| 100 | 1 | . | ‡aNeubauer, Erica Ruth, ‡d1979- ‡eauthor. ‡1https://id.oclc.org/worldcat/entity/E39PCjJHpPVfYkbXRBgvB97Bvb |
| 245 | 1 | 0. | ‡aHomicide in the Indian hills / ‡cErica Ruth Neubauer. |
| 250 | . | ‡aFirst Kensington hardcover edition. | |
| 264 | 1. | ‡aNew York : ‡bKensington Publishing Corporation ‡c2025. | |
| 300 | . | ‡a424 pages ; ‡c22 cm. | |
| 336 | . | ‡atext ‡btxt ‡2rdacontent | |
| 337 | . | ‡aunmediated ‡bn ‡2rdamedia | |
| 338 | . | ‡avolume ‡bnc ‡2rdacarrier | |
| 490 | 0 | . | ‡aJane Wunderly ; ‡v6 |
| 500 | . | ‡aIncludes bonus novella! | |
| 505 | 0 | . | ‡aHomicide in the Indian Hills -- Murder under the mistletoe. |
| 520 | . | ‡a"Ooty, 1927: Accompanying Mr. Redvers on an assignment to Ootacamund to quell revolutionary rumblings, Jane finds there's more than meets the eye to India's Queen of Hill Stations. Ooty's lush tea plantations and tranquil gardens barely conceal its secrets--scandalous affairs, political sabotage, and a mounting anti-colonial movement. Even Redvers intends to subvert his official mission in Ooty by arranging a series of clandestine meetings with local resistance leaders. But it's not until the shocking death of a British national that Jane and Redvers are truly drawn into Ooty's deepest shadows. Jane's suspicions that the death is more than a tragic accident are soon confirmed, but word of a murder could stoke Ooty's simmering tensions into a full boil. Navigating corrupt local officials, festering personal vendettas, and a complicated network of bureaucratic entanglements that lead to the top tiers of government, Jane and Redvers edge closer to the truth . . . and its deadly consequences. Someone is willing to spill blood to protect their interests: will Jane become just another of Ooty's darkest secrets?"--Amazon. | |
| 600 | 1 | 0. | ‡aWunderly, Jane ‡c(Fictitious character) ‡vFiction. |
| 651 | 0. | ‡aIndia ‡xHistory ‡xAutonomy and independence movements ‡vFiction. | |
| 650 | 0. | ‡aMurder ‡xInvestigation ‡vFiction. ‡0(LARL_NWRL_CONSORTIUM)166203 | |
| 650 | 0. | ‡aPolitical corruption ‡zIndia ‡zUdagamandalam ‡vFiction. | |
| 650 | 0. | ‡aAmericans ‡zIndia ‡vFiction. ‡0(LARL_NWRL_CONSORTIUM)170586 | |
| 651 | 0. | ‡aUdagamandalam (India) ‡xHistory ‡y20th century ‡vFiction. | |
| 651 | 0. | ‡aIndia ‡xPolitics and government ‡y1919-1947 ‡vFiction. | |
| 655 | 7. | ‡aCozy mysteries. ‡2lcgft | |
| 655 | 7. | ‡aDetective and mystery fiction. ‡2lcgft | |
| 655 | 7. | ‡aHistorical fiction. ‡2lcgft | |
| 740 | 0 | 2. | ‡aMurder under the mistletoe. |
| 901 | . | ‡a451227 ‡bOCoLC ‡c451227 ‡tbiblio ‡soclc | |

Add to basket
Permalink
Disable Highlighting